Responses for Show #9071 - Monday, April 1, 2024

2024 Jeopardy! Invitational Tournament quarterfinal game 9.

Contestants

[<< previous game]

Sam Buttrey, a bon vivant and man about town from Pacific Grove, California

Colby Burnett, a high school college counselor from Chicago, Illinois

Lilly Chin, a robotics professor from Decatur, Georgia

[next game >>]

Jeopardy! Round responses

TAILOR'S VERSION
CURRENT EVENTS
REPTILES & AMPHIBIANS
INTERNATIONAL SPORTS
AUTHORS AT WAR
SAME LAST 3/ FIRST 3 LETTERS
(Ken: We'll need two two words in each correct response.)
    $200 11
made-to-measure

Sam
    $200 28
(Sam: What's [*]? Solar [*].)

an eclipse

Sam
    $200 30
Alligator

Colby
    $200 18
basketball

Sam
    $200 23
The Catcher in the Rye

Lilly
    $200 29
(Ken: And, Sam, say it for us.)
(Sam: Are we still doing this, Ken? Bring it!)
(Ken: There we go.)
[Laughter]
(Ken: Only you get to do it.)

possum & summary

Sam
    $400 15
eyes

Triple Stumper
    $400 27
DeSantis

Colby
    $400 22
the tongue

Colby
    $400 5
canoe

Sam
    $400 17
Tolstoy

Triple Stumper
    $400 14
underhand & androgynous

Lilly
    $600 24
darning

Sam
    $600 6
(Sam: Who's Kelce?)
...
(Ken: Kelce's watching on the Jumbotron, it's [*] catching the pass. How soon we forgot.)
[Laughter]

Mecole Hardman

Sam
Triple Stumper
    $600 21
(Colby: What's gecko?)

a salamander

LillyColby
    $600 2
handball

Sam
    $600 16
(Ken: Yeah, you're good on the Navy stuff.)

the Seabees

Sam
    $600 1
spliced & cedar

Sam
    $800 25
(Colby: I'm 5'9", man, great.)

an inseam

Colby
    $800 7
Navalny

Colby
    $800 19
the bearded dragons

Lilly
    $800 3
test matches

Sam
    $1,800 10
Dresden

Colby
    $800 12
plantar & tartan

Sam
    $1000 26
the yoke

Triple Stumper
    $1000 8
Constantine

Colby
    $1000 20
the caecilian

Triple Stumper
    $1000 4
(Ken: It's a new one on me, "What is [*]"?)

a domestique

Triple Stumper
    $1000 9
(Ken: That's [*] of The Things They Carried fame.)

Tim O'Brien

Triple Stumper
    $1000 13
a chancellor & lorikeet

Triple Stumper

Scores at the first commercial break (after clue 15):

Lilly Colby Sam
$400 $3,600 $2,800

Scores at the end of the Jeopardy! Round:

Lilly Colby Sam
$2,000 $4,800 $4,600

Double Jeopardy! Round responses

THE 14th CENTURY
IN MY FEELINGS
ART & CRIME
LONG WORDS
YOU NAMED YOUR BAND WHAT?
"G"OING PLACES
    $400 22
Edward

Sam
    $400 28
(Ken: And the clubs that sing it--what is [*]?)

glee

Triple Stumper
    $400 26
the Mona Lisa

Sam
    $400 30
predestination

Sam
    $400 4
Weezer

Colby
    $400 24
Glasgow

Sam
    $800 23
the Little Ice Age

Sam
    $800 27
The Terror

Colby
    $800 25
the Krays

Sam
    $800 19
(Lilly: What is neurodivergence?)
(Colby: What is neuroatypical?)

neurodivergent

LillyColby
Triple Stumper
    $800 29
Panic! at the Disco

Lilly
    $800 21
Guatemala

Colby
    $10,600 20
(Sam: I'll bet every scintilla of my money, Ken.)

antipope

Sam
    $1200 13
Fear

Colby
    $1200 1
Orson Welles

Triple Stumper
    $1200 18
extrajudicial

Sam
    $1200 7
Chumbawamba

Sam
    $1200 8
Greensboro

Lilly
    $1600 12
Gallipoli

Lilly
    $1600 15
nervous

Triple Stumper
    $1600 2
the Isabella Stewart Gardner Museum

Lilly
    $1600 14
Archaeopteryx

Lilly
    $1600 6
Fountains of Wayne

Colby
    $1600 9
the Gold Coast

Sam
    $2000 11
Wycliffe

Colby
    $5,000 16
(Lilly: What is malaise?)

angst

Lilly
    $2000 3
Caravaggio

Lilly
    $2000 17
(Lilly: What is phantasmagorgia?)
...
(Ken: Yeah, I'm sorry, Lilly, you added a "G".)

phantasmagoria

LillySam
    $2000 5
Bowling for Soup

Colby
    $2000 10
Goa

Colby

Scores at the end of the Double Jeopardy! Round:

Lilly Colby Sam
$3,000 $14,800 $24,400

[wagering suggestions for these scores]

Final Jeopardy! Round responses

NOVEL TITLE OBJECTS
(Ken: With emojis!)
(Lilly: Yep.)
(Ken: Who are you shouting out here, Lilly?)
(Lilly: Uh, my puzzle hunt team.)
...
(Ken: [To Sam] Yes, Lucy walking into the [*] in The Lion, the Witch and the [*].)
...
(Colby: [To Sam] You woulda had that regardless.)
LillyWhat is ✈️✈️✈️ Galactic Trendsetters ✈️✈️✈️
$0
ColbyWhat are The Lillies of the Field
$9,601
SamWhat is a wardrobe?
$5,201
a wardrobe

Final scores:

Lilly Colby Sam
$3,000 $5,199 $29,601
3rd place: $5,000 2nd place: $5,000 Winner: semifinalist

Game dynamics:

Coryat scores:

Lilly Colby Sam
$8,000 $13,800 $15,000
10 R,
3 W
(including 1 DD)
15 R
(including 1 DD),
2 W
22 R
(including 1 DD),
1 W

Combined Coryat: $36,800

[game clues] [game scores] [suggest correction]

Game tape date: 2024-02-27
The J! Archive is created by fans, for fans. Scraping, republication, monetization, and malicious use prohibited; this site may use cookies and collect identifying information. See terms. The Jeopardy! game show and all elements thereof, including but not limited to copyright and trademark thereto, are the property of Jeopardy Productions, Inc. and are protected under law. This website is not affiliated with, sponsored by, or operated by Jeopardy Productions, Inc. Join the discussion at JBoard.tv.